| 000 | 00567nam a2200193Ia 4500 | ||
|---|---|---|---|
| 999 |
_c34504 _d34504 |
||
| 003 | OSt | ||
| 005 | 20200908130612.0 | ||
| 008 | 190216s9999||||xx |||||||||||||| ||und|| | ||
| 020 | _a9780750309806 | ||
| 040 | _coclc | ||
| 082 |
_a539.7 _bHEY/B |
||
| 100 |
_aHeyde, K _94497 |
||
| 245 | 0 |
_aBasic Ideas And Concepts In Nuclear Physics An Introductory Approach / _cK Heyde |
|
| 250 | _a3rd Ed. | ||
| 260 |
_bLop Institute Of Physics, _c2010. _aBristol: |
||
| 300 | _a638p | ||
| 650 | _aPhysics | ||
| 942 |
_cBK _2ddc _h539.7 _iHEY/B _k539.7 _mHEY/B |
||